| 000 | 00453pam a2200169 a 4500 | ||
|---|---|---|---|
| 020 | _a0256225125 | ||
| 040 | _cDLC | ||
| 082 | 0 | 0 | _a658 LRW 1998 A039 Or. |
| 100 | 1 | _aKreitner, Robert. | |
| 245 | 1 | 0 | _aOrganizational behavior / |
| 250 | _a4th ed. | ||
| 260 |
_aBoston, Mass. : _bIrwin/McGraw-Hill, _cc1998. |
||
| 300 |
_axviii, 670 p. : _bill. (some col.) ; _c27 cm. |
||
| 650 | 0 | _aOrganizational behavior. | |
| 700 | 1 | _aKinicki, Angelo. | |
| 942 | _cEK | ||
| 999 |
_c11925 _d11925 |
||